KOHA-Header-6

Developing Software with UML Object-Oriented Analysis And Design In Practice (Record no. 6329)

000 -LEADER
fixed length control field 00270nam a2200097Ia 4500
100 ## - MAIN ENTRY--AUTHOR NAME
Personal name Bernd Oestereich
245 #0 - TITLE STATEMENT
Title Developing Software with UML Object-Oriented Analysis And Design In Practice
260 ## - PUBLICATION, DISTRIBUTION, ETC. (IMPRINT)
Place of publication New Delhi
Name of publisher Tata McGraw Hill
Year of publication 2000
300 ## - PHYSICAL DESCRIPTION
Number of Pages 321
942 ## - ADDED ENTRY ELEMENTS (KOHA)
Koha item type Books
Holdings
Withdrawn status Lost status Collection code Permanent Location Current Location Shelving location Date acquired Full call number Accession Number Koha item type
    Computer Languages MAJU MAJU Shelf No.A18 2019-09-07 005.117 5526 Books

Powered by Koha